000 00843nam a22002412 4500
001 0000020003
005 20151217155904.0
008 110524s xx 000 0 eng d
020 _a9966958185 :
040 _aKABU
_cKABU
245 1 0 _aEthnicity, human rights and constitutionalism in Africa.
250 _a1st ed.
260 _aNairobi, Kenya :
_bKenyan section of the International commission of jurists,
_c2008.
300 _ax, 243 p.
650 0 _aEthnic conflict
_yAfrica.
_@0000160777
650 0 _aHuman rights
_zAfrica.
_@0000158462
650 0 _aMinorities
_zAfrica.
_@0000180033
650 0 _aAfrica
_xPolitics and government
_y1960-.
_@0000180034
710 2 _aInternational commission of jurists.
_bKenya section.
_@0000180032
908 _a110524
950 _@1
999 _c13748
_d13748